000 00545nam a2200229Ia 4500
005 20250425160654.0
008 250425s9999 xx 000 0 und d
020 _a968880228X
041 _aspa
082 _a657.8
100 _aHORNGREN, CHARLES T.
245 0 _aCONTABILIDAD
250 _a1A ED.
260 _aMEXICO
260 _aMéxico
_bPRENTICE- HALL HISPANOAMERICANA
_c1991
300 _a641
650 _aCONTABILIDAD
650 _aMERCADO
650 _aSISTEMAS DE INFORMACION CONTABLE
942 _c01
010 _a1958
999 _c193827
_d193827